| 000 | 01552nam a2200217Ia 4500 | ||
|---|---|---|---|
| 001 | 15895 | ||
| 003 | GE_BSU | ||
| 008 | 181216s||||||||xx |||||||||||||| ||und|| | ||
| 040 | _cGE_BSU | ||
| 080 | _a821.353.1-1 + 821.353.1-11 | ||
| 100 | _aჭავჭავაძე, ი. (ილია, 1837-1907) | ||
| 245 | _aლექსები, პოემები | ||
| 245 | _cშემდგ.: დ. ალანია, ნ. გურგენიძე ; წინასიტყვ. ავტ.: ს. ცაიშვილი.რედ. ი. ქემერტელიძე. მხ. დ. დუნდუა | ||
| 260 | _aთბილისი | ||
| 260 | _bსაბჭ. საქართველო | ||
| 260 | _c1989 | ||
| 300 | _a189გვ. : პორტრ. ; 10სმ | ||
| 653 | _aპასუხის პასუხი; ბაზალეთის ტბა; პოემები; აჩრდილი; ქართვლის დედა; მეფე დიმიტრი თავდადებული; განდეგილი | ||
| 653 | _aყვარლის მთებს; დაე თუნდ მოვკვდე; ბევრი ვიტანჯე; მუშა; ქართველი სტუდენტების სიმღერა; გაზაფხული; გ. აბს... რა ვაკეთეთ, რას ვშვრებოდით ანუ საქართველოს ისტორია მეცხრამეტე საუკუნისა; | ||
| 942 | _cBK | ||
| 999 |
_c48990 _d48990 |
||